Statistics for The Clues are in German

Click here to take the quiz!

General Stats

  • This quiz has been taken 101 times
  • The average score is 13 of 17

Answer Stats

HintAnswer% Correct
In welchem Land findet man Kängurus?Australien
99%
Von Atombomben getroffene japanische StädteHiroshima
94%
Welches chemische Element hat das Symbol Fe?Eisen
93%
Entwickler der RelativitätstheorieAlbert Einstein
92%
Nagasaki
89%
Erster Präsident der Vereinigten Staaten von AmerikaGeorge Washington
88%
Welche Stadt hieß früher Neu-Amsterdam?New York City
84%
Hauptstadt SchwedensStockholm
84%
Welcher Monat hat nur 28 (im Schaltjahr 29) Tage?Februar
83%
Was ist das französische Wort für "Wasser"?eau
73%
Wo wurde laut Bibel Jesus geboren?Bethlehem
71%
Wie heißt der Hauptcharakter in "Der kleine Hobbit"?Bilbo Beutlin
71%
Fußball-Weltmeister 2018Frankreich
68%
Im Westen gebräuchlicher Begriff für japanischen ReisweinSake
54%
Regisseur von "American Graffiti" und "Krieg der Sterne"George Lucas
46%
In welchem Film sagt der Protagonist: "Yippie-Ya-Yeah, Schweinebacke!"?Stirb Langsam
39%
Literaturnobelpreisträger 1982 und Autor von "Die Liebe in den Zeiten der Cholera"Gabriel García Márquez
28%

Score Distribution

Percentile by Number Answered

Percent of People with Each Score

Your Score History

You have not taken this quiz